000
00293nam a2200109Ia 4500
008
201216s9999 xx 000 0 und d
100
_a
Long, Larry E.
245
0
_a
Manager's Guide To Computers and Information Systems
260
_a
Englewood Cliffs
_b
Prentice Hall
300
_a
394
942
_c
BK
999
_c
6878
_d
6878